Ecuaciones diferenciales: (Registro nro. 29145)

Detalles MARC
000 -LÍDER
fixed length control field 00578nam a22002177a 4500
003 - IDENTIFICADOR DEL NÚMERO DE CONTROL
control field ITZ
005 - FECHA Y HORA DE LA ULTIMA TRANSACCIÓN
Campo de control 20230920110113.0
008 - ELEMENTOS DE LONGITUD FIJA -- INFORMACIÓN GENERAL
fixed length control field 230920b |||||||| |||| 00| 0 spa d
020 ## - NÚMERO INTERNACIONAL NORMALIZADO PARA LIBROS
ISBN 978-607-526-556-8
035 ## - Número de ficha (Janium)
Número de ficha (Janium) 17528
041 ## - CÓDIGO DE IDIOMA
Código de idioma para texto/pista de sonido o título separado spa
050 ## - SIGNATURA TOPOGRAFICA DE LA BIBLIOTECA DEL CONGRESO (LC)
Número de Clasificación QA371
Cutter Z69 2018
082 ## - NUMERO DE CLASIFICACION DECIMAL DEWEY
Número de Clasificación 515.35
Cutter Z372e 2018
100 1# - ASIENTO PRINCIPAL--NOMBRE PERSONAL
Nombre personal Zill, Dennis G.
245 ## - TÍTULO
Título Ecuaciones diferenciales:
Parte restante del título Matemáticas 5
Mención de responsabilidad, etc. Dennis G. Zill
250 ## - MENCIÓN DE EDICIÓN
Mención de edición 1
260 ## - PUBLICACIÓN, DISTRIBUCIÓN, ETC. (PIE DE IMPRENTA)
Lugar de publicación, distribución, etc. México
Nombre del editor, distribuidor, etc. Cengage Learning
Fecha de publicación, distribución, etc. 2018
300 ## - DESCRIPCIÓN FÍSICA
Extensión 236 p., il. /
Dimensiones 27 cm.
650 ## - ASIENTO SECUNDARIO DE MATERIA - TERMINO TEMÁTICO
Término temático o nombre geográfico como elemento de entrada 1. ECUACIONES / 2. MATEMÁTICAS
942 ## - TIPO DE MATERIAL (KOHA)
Koha item type Libros
Existencias
No. biblioteca No. biblioteca Número de clasificación Código de barras/Número de adquisición Número de copia Tipo de material Otras carreras
ÁREA DE BÁSICAS LUIS G. INCLAN 515.35 Z372e 2018 54162 3 Libros ÁREA DE CIVIL
ÁREA DE BÁSICAS LUIS G. INCLAN 515.35 Z372e 2018 54163 4 Libros ÁREA DE CIVIL
ÁREA DE BÁSICAS ÁREA DE BIOQUÍMICA 515.35 Z372e 2018 54160 1 Libros ÁREA DE CIVIL
ÁREA DE BÁSICAS ÁREA DE BIOQUÍMICA 515.35 Z372e 2018 54161 2 Libros ÁREA DE CIVIL
Calzada Tecnológico # 27, Zacatepec, Morelos.
01(734) 343-07-23 / 343-21-10 / 343-21-11
Apdo. Postal 45 C.P 62780